000 00645nam a22002057a 4500
005 20131011163148.0
010 _aENG-108005
020 _c297.00
_a9788183334655
035 _aEN-91538
037 _bDBAD/PUB
082 _a005.73
100 _aJain, Satish
245 0 0 _a'A'-Level made simple :
_cby Satish Jain,Madhulika Jain [and] Shashi Singh
_bdata structure through C++ /
260 _aNew Delhi
_bBPB Publications
_c2013
270 _aB-14, Connaught Place,
_bNew Delhi
_e110001
300 _axvii,426p. :
_c28cm(pbk)
_bill.
700 _aJain, Madhulika
700 _aShashi Singh
942 _2ddc
_cEN
_mJAI
_h005.73
999 _c77550
_d77550